| 000 | | | 03848nac2a22002531x 450 |
| 001 | | | a429da57-4083-4c19-a372-2f292576126f |
| 005 | | | 20160419180429.0 |
| 100 | ## | $a | 20151226l19081909k y0rusy50 ca |
| 101 | 0# | $a | rus |
| 102 | ## | $a | RU |
| 105 | ## | $a | y z ||||| |
| 122 | 2# | $a | d19081231 |
| | $a | d19090214 |
| 200 | 1# | $a | Материалы комиссии Группы центра Государственного Совета по пересмотру устава о воинской повинности: доклад комиссии (докладчик Леонтович Г. Н.), материалы по подготовке текста устава, редакционные поправки и изменения. В деле имеется список членов комиссии |
| | $j | 1908 - 14 февраля 1909 |
| 215 | ## | $a | 29 листов |
| 251 | ## | $c | Дело |
| 300 | ## | $a | Часть текста рукописная и машинописная, часть - напечатана типографским способом |
| 330 | ## | $a | Входит в раздел описи: 3. Документальные материалы комиссий Группы центра. б) Комиссия по пересмотру устава о воинской повинности |
| 461 | #0 | $1 | 00139b3a626-d0a0-47c3-aa28-5617d4973b79 |
| | $1 | 2001 |
| | $a | Группа центра Государственного совета |
| | $1 | 251 |
| | $c | Фонд |
| | $1 | 852 |
| | $j | 1178 |
| 462 | #0 | $1 | 001048ab243-cffe-4e04-813f-03e83f42b87a |
| | $1 | 2001 |
| | $a | Дела постоянного хранения |
| | $v | Д. 66 |
| | $1 | 251 |
| | $c | Опись |
| | $1 | 852 |
| | $j | 1 |
| 600 | #1 | $a | Леонтович |
| | $b | Г. Н. |
| 601 | 01 | $3 | RU\NLR\AUTH\889948591 |
| | $a | Россия |
| | $b | Государственный совет |
| | $b | Группа центра |
| 801 | #0 | $a | RU |
| | $b | GA_RF |
| 801 | #1 | $a | RU |
| | $b | НПО Опыт |
| | $c | 20151226 |
| | $2 | rusmarc |
| 801 | #2 | $a | RU |
| | $b | ПБ им. Б.Н. Ельцина |
| | $c | 20160419 |
| | $g | RCR |
| | $2 | rusmarc |
| 852 | ## | $a | ГА РФ |
| | $j | 66 |
| 937 | ## | $d | 71817617 |
| | $h | ПБ |
| 035 | ## | $a | RuPRLIB51035179 |